00887nam a2200253Ia 4500001000900000003000500009005001700014008004100031010001100072020001800083040000900101082002000110100001900130245023700149260003500386300001700421500004300438503000800481650002600489650002200515700003300537700003100570700003200601dia_4970CHAP20230323090413.0220117s2003 xx 000 0 und d a175782 a968-6708-17-0 cCHAP a621.01 B57 2003 aBird, R. Byron aFenómenos de transporte : un estudio sistemático de los fundamentos del transporte de una materia, energía y cantidad de movimiento /c R. Byron Bird, Warren E. Stewart y Edwin N. Lightfood ; traducción Fidel Mato Vázquez aMéxico :b Reverté,c2003 apag. variada aTítulo original: Transport phenomena aC/e aDinámica de fluidos aTermodinámica  aLightfood, Edwin N., coaut.  aMato Vázquez, Fidel, tr. aStewart, Warren E., coaut.